| 000 | 00451cam a2200133u 4500 | ||
|---|---|---|---|
| 082 |
_a973.9 _bALL |
||
| 100 | 1 |
_aAllen, Frederick Lewis, _950661 |
|
| 245 | 0 | 0 |
_aOnly yesterday, _ban informal history of the nineteen-twenties, |
| 260 |
_aNew York and London, _bHarper & brothers, _c1931. |
||
| 300 |
_axiv p., 1 l., _b370 p. front., plates, ports., facsims. _c23 cm. |
||
| 526 |
_a0 _b0 _c0 _d973_900000000000000_ALL |
||
| 650 |
_aMCE _9379 |
||
| 942 |
_2ddc _cBK |
||
| 999 |
_c553417 _d553417 |
||